000 00284nam a2200121Ia 4500
008 190216s9999||||xx |||||||||||||| ||und||
100 _aZina Rohan
245 4 _aThe Sandbeetle
260 _bHarper Collins Publishers
_c1993
300 _a310p
650 _aEnglish Novel
942 _cBK
999 _c14115
_d14115